Little horse is crossing river . Xiao ma guo he
| Main Author: | |
|---|---|
| Format: | Book |
| Published: |
China :
Kei Lim Photo Pub House ,
2007
|
| Subjects: |
MARC
| LEADER | 00000cam a2200000 7i4500 | ||
|---|---|---|---|
| 001 | 0000125708 | ||
| 005 | 20250723143206.0 | ||
| 020 | |a 9787806068717 | ||
| 090 | 0 | 0 | |a JFM |b CUI |
| 100 | 0 | |a Cui Chong Lei | |
| 245 | 1 | 0 | |a Little horse is crossing river . |p Xiao ma guo he |c Cui Chong Lei |
| 260 | |a China : |b Kei Lim Photo Pub House , |c 2007 | ||
| 300 | |a 92p. : |b ill. ; |c 17cm. | ||
| 650 | 0 | 0 | |a Children's stories, Chinese |
| 650 | 0 | 0 | |a Chinese fiction |
| 650 | 0 | 0 | |a Chinese language |
| 999 | |a 00219760 |b BUKU |c JUNIOR FICTION MANDARIN COLLECTION |e PERPUSTAKAAN KOMUNITI PETALING JAYA | ||